Základy fyziky plazmatu a magnetohydrodynamika jako princip funkce vybraných plazmatických zařízení /

Main Author: Bobrova, Nadežda Aleksandrovna
Corporate Author: České vysoké učení technické v Praze. Katedra přírodovědných oborů
Other Authors: Vrba, Pavel, 1937-, Vrbová, Miroslava, 1940-
Language: Czech
Published: Praha : Vydavatelství ČVUT, 2014
Subjects:
Physical Description: 177 s. : il. (některé barev.) ; 25 cm
Book
Saved in:
LEADER 01888nam a2200445 a 4500
001 nkc20142626779
003 CZ PrNK
005 20141126063148.0
007 ta
008 140930s2014 xr a e p 001 0 cze
015 |a cnb002626779 
020 |a 978-80-01-05530-4  |q (brož.) 
035 |a (OCoLC)894846404 
040 |a ABA001  |b cze 
072 7 |a 53  |x Fyzika  |2 Konspekt  |9 6 
072 7 |a 37.016  |x Učební osnovy. Vyučovací předměty. Učebnice  |2 Konspekt  |9 22 
080 |a 533.9  |2 MRF 
080 |a 537.84  |2 MRF 
080 |a (075.8)  |2 MRF 
100 1 |a Bobrova, Nadežda Aleksandrovna  |7 jo2014841339  |4 aut 
245 1 0 |a Základy fyziky plazmatu a magnetohydrodynamika jako princip funkce vybraných plazmatických zařízení /  |c Nadezhda A. Bobrova, Pavel Vrba, Miroslava Vrbová 
260 |a Praha :  |b Vydavatelství ČVUT,  |c 2014 
300 |a 177 s. :  |b il. (některé barev.) ;  |c 25 cm 
500 |a Nad názvem: České vysoké učení technické v Praze, Fakulta biomedicínského inženýrství, katedra přírodovědných oborů 
504 |a Obsahuje bibliografii, bibliografické odkazy a rejstřík 
650 0 7 |a fyzika plazmatu  |7 ph120429  |2 czenas 
650 0 7 |a magnetohydrodynamika  |7 ph122552  |2 czenas 
650 0 9 |a plasma physics  |2 eczenas 
650 0 9 |a magnetohydrodynamics  |2 eczenas 
655 7 |a učebnice vysokých škol  |7 fd133772  |2 czenas 
655 9 |a textbooks (higher)  |2 eczenas 
700 1 |a Vrba, Pavel,  |d 1937-  |7 ntka174393  |4 aut 
700 1 |a Vrbová, Miroslava,  |d 1940-  |7 ntka174396  |4 aut 
710 2 |a České vysoké učení technické v Praze.  |b Katedra přírodovědných oborů  |7 ctu2008438659 
910 2 |a BOA001  |b 2-1335.688 
928 9 |a Česká technika - nakladatelství ČVUT 
990 |a BK 
995 |a 01 
991 |b 201411  |c NOV  |e n 
996 6 |b 2610612844  |c 2-1335.688  |l MZK  |r Sklad / do 1 hodiny  |n 2  |p p.v.  |w 001467527  |u 000010  |a 1  |e BOA001  |j MZK50  |s P